| 000 | 00380nam a22001457a 4500 | ||
|---|---|---|---|
| 005 | 20171026130107.0 | ||
| 008 | 171026b xxu||||| |||| 00| 0 eng d | ||
| 040 | _cPK-LaUMT | ||
| 082 |
_aPKAC 320.95491 _bMAH-A |
||
| 100 | _aMahmood Sham | ||
| 245 |
_aAik tehai iqtedar: _cMahmood Sham |
||
| 260 |
_aکراچی: _bمطبوعات محمود _c] [ |
||
| 300 | _a304 ص | ||
| 942 | _cBK | ||
| 999 |
_c99557 _d99557 |
||